| 000 | 00421nam a2200109Ia 4500 | ||
|---|---|---|---|
| 008 | 160909s9999 xx 000 0 und d | ||
| 100 | _aGrogan, Danielle Sarah | ||
| 245 | _aGlobal and regional assessments of unsustainable groundwater use in irrigated agriculture | ||
| 260 |
_bUniversity of New Hampshire. _c2016 |
||
| 650 | _aHUMAN RESOURCE MANAGEMENT | ||
| 856 | _uhttp://pqdtopen.proquest.com/doc/1802824016.html?FMT=ABS | ||
| 999 |
_c304660 _d304660 |
||